Statistics for Largest Cities In New York

Click here to take the quiz!

General Stats

  • This quiz has been taken 26 times
  • The average score is 6 of 20

Answer Stats

RankPopulationCity% Correct
6257,518Buffalo
96%
18,443,713New York City
96%
9207,778Rochester
83%
1697,889Albany
79%
12143,293Syracuse
71%
11199,745Yonkers
67%
2768,057Hempstead
29%
4332,862Islip
17%
10202,673Huntington
8%
7230,241North Hempstead
8%
14124,952Amherst
4%
8211,562Babylon
4%
3484,671Brookhaven
4%
1796,197Greece
4%
1986,813Cheektowaga
0%
2086,511Clarkstown
0%
1891,355Greenburgh
0%
5297,531Oyster Bay
0%
13134,571Ramapo
0%
15117,031Smithtown
0%

Score Distribution

Percentile by Number Answered

Percent of People with Each Score

Your Score History

You have not taken this quiz